000 00602nam a2200181Ia 4500
008 100921s9999 xx 000 0 und d
082 _b36317
_a891.433 थ 66
100 _aयादव राजेंद्र.
245 _aनिन्नी.
260 _bहिंद पॉकेट बुक्स,दिल्ली.
_c1966
300 _a116
_b---
365 _b1
520 _aललित -हिंदी-कथा,कादं.
630 _aनिन्नी.
650 _aललित -हिंदी-कथा,कादं.
730 _aनिन्नी.
942 _cBOOK
999 _c785430
_d785427